[Event "Kimberley Moja op"]
[Site "Kimberley"]
[Date "2023.10.03"]
[Round "8"]
[White "Karsten, Jan"]
[Black "Bwalya, Gillan"]
[Result "1-0"]
[WhiteElo "2249"]
[BlackElo "2380"]
[PlyCount "97"]
[EventDate "2023.09.30"]
[EventType "swiss"]
[EventRounds "9"]
[EventCountry "RSA"]
[SourceTitle "EXT 2024"]
[Source "ChessBase"]
[SourceDate "2023.10.10"]
[SourceVersion "1"]
[SourceVersionDate "2023.10.10"]
[SourceQuality "1"]

1. e4 e5 2. Nf3 Nc6 3. Bb5 a6 4. Ba4 d6 5. 0-0 Nge7 6. d4 Bd7 7. d5 Nb8 8. c4 Ng6 9. Nc3 Be7 10. Be3 0-0 11. Rc1 f5 12. Bxd7 Nxd7 13. exf5 Rxf5 14. Ne4 Nc5 15. Nxc5 dxc5 16. Nd2 b6 17. Ne4 Bd6 18. Qg4 Qd7 19. Ng3 Rf7 20. Qxd7 Rxd7 21. Ne4 h6 22. f3 Rf7 23. Rfe1 Ne7 24. b4 cxb4 25. Bxb6 Nf5 26. Ba5 Bf8 27. Rb1 Rb8 28. c5 Rd7 29. d6 cxd6 30. c6 Rf7 31. c7 Rc8 32. Rxb4 Rfxc7 33. Bxc7 Rxc7 34. Ng3 Nd4 35. Rb6 Ra7 36. Ne2 Ne6 37. Nc3 Nc5 38. Reb1 Kf7 39. Ne4 d5 40. Nd6+ Kg8 41. Rc6 Nd3 42. Rb8 Rd7 43. Rxa6 d4 44. h4 Nf4 45. Kf2 Nd3+ 46. Ke2 Nf4+ 47. Kd2 g6 48. g3 Nh5 49. Nc4 1-0

[Event "Kimberley Moja op"]
[Site "Kimberley"]
[Date "2023.10.02"]
[Round "5"]
[White "Bwalya, Gillan"]
[Black "Simpson, Michael"]
[Result "1-0"]
[WhiteElo "2380"]
[BlackElo "2077"]
[PlyCount "107"]
[EventDate "2023.09.30"]
[EventType "swiss"]
[EventRounds "9"]
[EventCountry "RSA"]
[SourceTitle "EXT 2024"]
[Source "ChessBase"]
[SourceDate "2023.10.10"]
[SourceVersion "1"]
[SourceVersionDate "2023.10.10"]
[SourceQuality "1"]

1. d4 d5 2. c4 e6 3. Nf3 Nf6 4. Nc3 c6 5. e3 Nbd7 6. Bd3 dxc4 7. Bxc4 b5 8. Bb3 Bb7 9. 0-0 a6 10. e4 b4 11. e5 bxc3 12. exf6 cxb2 13. fxg7 Bxg7 14. Bxb2 0-0 15. Bc2 Nf6 16. Ba3 Re8 17. Ne5 c5 18. Bxc5 Rc8 19. Rb1 Ba8 20. Qe2 Qd5 21. f3 Rxc5 22. dxc5 Qxc5+ 23. Kh1 Nd5 24. Nd3 Qa3 25. Rb3 Qxa2 26. Nb4 Qa5 27. Qxa6 Qc5 28. Nxd5 Qxc2 29. Qa4 Rd8 30. Ne3 Qe2 31. Qa5 Bf6 32. Re1 Qf2 33. Ng4 Qh4 34. Nxf6+ Qxf6 35. Reb1 Rf8 36. Rb8 Bd5 37. Qb4 Rxb8 38. Qxb8+ Kg7 39. Qg3+ Qg6 40. Qxg6+ hxg6 41. Kg1 g5 42. Kf2 Kg6 43. Ke3 Kf5 44. g3 g4 45. fxg4+ Kxg4 46. Rb4+ Kg5 47. h4+ Kf5 48. g4+ Kg6 49. Rb8 f5 50. g5 e5 51. Rb5 f4+ 52. Kf2 Bc4 53. Rxe5 Kh5 54. Re4 1-0

[Event "Nairobi op"]
[Site "Nairobi"]
[Date "2023.04.08"]
[Round "5"]
[White "Gareyev, Timur"]
[Black "Bwalya, Gillan"]
[Result "1-0"]
[WhiteElo "2602"]
[BlackElo "2405"]
[PlyCount "91"]
[EventDate "2023.04.06"]
[EventType "swiss"]
[EventRounds "9"]
[EventCountry "KEN"]
[SourceTitle "EXT 2024"]
[Source "ChessBase"]
[SourceDate "2023.10.10"]
[SourceVersion "1"]
[SourceVersionDate "2023.10.10"]
[SourceQuality "1"]

1. d4 d5 2. c4 e6 3. Nc3 Nf6 4. Bg5 Be7 5. e3 0-0 6. Nf3 b6 7. Qc2 Bb7 8. Bxf6 Bxf6 9. cxd5 exd5 10. 0-0-0 c5 11. h4 cxd4 12. exd4 Nc6 13. Qf5 Ne7 14. Qf4 Rc8 15. Kb1 b5 16. Bd3 Qa5 17. Ng5 h6 18. Nh7 Qb6 19. Nxb5 Rfd8 20. Nxf6+ Qxf6 21. Qxf6 gxf6 22. Nxa7 Ra8 23. Nb5 Nc6 24. Rh3 Nb4 25. Rg3+ Kh8 26. Bf5 Nxa2 27. Rb3 Ba6 28. Na3 Bc4 29. Kxa2 Rdb8 30. Bc2 Rb4 31. Rdd3 Raa4 32. Rdc3 Ra5 33. g3 Kg7 34. Kb1 Bxb3 35. Rxb3 Rxd4 36. Rd3 Rxd3 37. Bxd3 Kf8 38. Nc2 Ke7 39. b4 Ra7 40. Nd4 Ra4 41. Nc2 Kd6 42. Kb2 Ra8 43. Kc3 Ke5 44. f4+ Kd6 45. h5 Rc8+ 46. Kd4 1-0

[Event "Olympiad-44"]
[Site "Chennai"]
[Date "2022.08.02"]
[Round "5.1"]
[White "Bwalya, Gillan"]
[Black "Carlsen, Magnus"]
[Result "0-1"]
[WhiteElo "2396"]
[BlackElo "2864"]
[PlyCount "52"]
[EventDate "2022.07.29"]
[EventType "team-swiss"]
[EventRounds "11"]
[EventCountry "IND"]
[SourceTitle "CBM 210"]
[Source "ChessBase"]
[SourceDate "2022.10.31"]
[SourceVersion "1"]
[SourceVersionDate "2022.10.31"]
[SourceQuality "1"]
[WhiteTeam "Zambia"]
[BlackTeam "Norway"]
[WhiteTeamCountry "ZAM"]
[BlackTeamCountry "NOR"]

1. d4 Nf6 2. c4 e6 3. Nc3 d5 4. Nf3 Bb4 5. e3 0-0 6. a3 Bxc3+ 7. bxc3 c5 8. Bd3 dxc4 9. Bxc4 Qc7 10. Nd2 Nc6 11. 0-0 Rd8 12. f4 Nd5 13. Bxd5 exd5 14. Qh5 cxd4 15. cxd4 Ne7 16. Nf3 Bf5 17. Bd2 f6 18. Nh4 Be4 19. f5 Rac8 20. Bb4 a5 21. Bxe7 Qxe7 22. Rf4 Rc3 23. Re1 Qxa3 24. Rg4 Rc1 25. Rxc1 Qxe3+ 26. Kf1 Bd3# 0-1

[Event "Olympiad-44"]
[Site "Chennai"]
[Date "2022.07.30"]
[Round "2.1"]
[White "Bjerre, Jonas Buhl"]
[Black "Bwalya, Gillan"]
[Result "1/2-1/2"]
[WhiteElo "2608"]
[BlackElo "2396"]
[PlyCount "76"]
[EventDate "2022.07.29"]
[EventType "team-swiss"]
[EventRounds "11"]
[EventCountry "IND"]
[SourceTitle "CBM 210"]
[Source "ChessBase"]
[SourceDate "2022.10.31"]
[SourceVersion "1"]
[SourceVersionDate "2022.10.31"]
[SourceQuality "1"]
[WhiteTeam "Denmark"]
[BlackTeam "Zambia"]
[WhiteTeamCountry "DEN"]
[BlackTeamCountry "ZAM"]

1. e4 e5 2. Nf3 Nc6 3. Bb5 Nf6 4. d3 d6 5. 0-0 Be7 6. c3 0-0 7. Re1 Bd7 8. Nbd2 Re8 9. Nf1 h6 10. Ng3 Bf8 11. d4 Na5 12. Bd3 c5 13. b4 cxb4 14. cxb4 Nc6 15. b5 Nxd4 16. Nxd4 exd4 17. Bb2 Ng4 18. Bxd4 Qh4 19. h3 Ne5 20. Bf1 g6 21. Rc1 Be6 22. Rc7 Re7 23. Rc3 Bg7 24. Ra3 Rd7 25. Qd2 g5 26. Ba1 d5 27. Nf5 Bxf5 28. exf5 d4 29. g3 Qh5 30. g4 Qh4 31. Re4 Rad8 32. Qd1 b6 33. Ra4 h5 34. Qe2 hxg4 35. Rxe5 Bxe5 36. Qxe5 gxh3 37. Ra3 Rd5 38. Qg3 d3 1/2-1/2

[Event "Olympiad-44"]
[Site "Chennai"]
[Date "2022.07.29"]
[Round "1.1"]
[White "Fancy, Stuart"]
[Black "Bwalya, Gillan"]
[Result "0-1"]
[WhiteElo "1984"]
[BlackElo "2396"]
[PlyCount "82"]
[EventDate "2022.07.29"]
[EventType "team-swiss"]
[EventRounds "11"]
[EventCountry "IND"]
[SourceTitle "CBM 210"]
[Source "ChessBase"]
[SourceDate "2022.10.31"]
[SourceVersion "1"]
[SourceVersionDate "2022.10.31"]
[SourceQuality "1"]
[WhiteTeam "Papua New Guinea"]
[BlackTeam "Zambia"]
[WhiteTeamCountry "PNG"]
[BlackTeamCountry "ZAM"]

1. Nc3 d5 2. d4 Nf6 3. Bg5 Nbd7 4. Nf3 c6 5. g3 Qb6 6. Rb1 Ne4 7. Bd2 h6 8. Bg2 Ndf6 9. 0-0 Bf5 10. Be1 e6 11. Ne5 Bd6 12. Kh1 Nxc3 13. Bxc3 0-0 14. f3 c5 15. e4 Bh7 16. dxc5 Bxc5 17. Qe1 Rfc8 18. Nd3 Bd4 19. e5 Nd7 20. f4 Bxc3 21. bxc3 Qc6 22. c4 Qxc4 23. Rxb7 Qc6 24. Rb3 Qxc2 25. f5 Rab8 26. Nb4 Qc4 27. Nxd5 exd5 28. e6 Nf6 29. exf7+ Kf8 30. Qe5 Rxb3 31. Qd6+ Kxf7 32. Qe6+ Kf8 33. Qd6+ Kg8 34. axb3 Qc7 35. Bxd5+ Kh8 36. Qxc7 Rxc7 37. Be6 Bg8 38. Bxg8 Kxg8 39. Rf3 Rb7 40. Kg2 Kf7 41. h3 Ne4 0-1

[Event "Gibraltar Battle of the Sexes"]
[Site "Gibraltar"]
[Date "2022.02.03"]
[Round "10.10"]
[White "Bwalya, Gillan"]
[Black "Mammadzada, Gunay Vuqar Qizi"]
[Result "1/2-1/2"]
[WhiteElo "2410"]
[BlackElo "2470"]
[PlyCount "163"]
[EventDate "2022.01.24"]
[EventType "schev"]
[EventRounds "10"]
[EventCountry "GGB"]
[SourceTitle "CBM 206 Extra"]
[Source "ChessBase"]
[SourceDate "2022.03.31"]
[SourceVersion "1"]
[SourceVersionDate "2022.03.31"]
[SourceQuality "1"]
[WhiteTeam "Men"]
[BlackTeam "Women"]
[WhiteTeamCountry "ENG"]
[BlackTeamCountry "ENG"]

1. d4 Nf6 2. c4 e6 3. Nc3 Bb4 4. Qb3 a5 5. a3 Bxc3+ 6. Qxc3 0-0 7. Bg5 d6 8. e3 b6 9. Bd3 Bb7 10. f3 Nbd7 11. Ne2 Rc8 12. b4 h6 13. Bh4 c5 14. 0-0 cxb4 15. axb4 Ba6 16. Qb3 Re8 17. bxa5 bxa5 18. Be1 Qb6 19. Qxb6 Nxb6 20. Bxa5 Bxc4 21. Rfd1 Bxd3 22. Rxd3 Rc2 23. Rd2 Rec8 24. Rad1 Rxd2 25. Rxd2 Nc4 26. Rc2 d5 27. Bd2 Rb8 28. Kf2 Rb3 29. Bc1 Nd7 30. Rc3 Rb5 31. Rc2 Ra5 32. Bd2 Ra1 33. Bc3 Ra3 34. Bd2 Nb8 35. Bc1 Ra1 36. Bd2 Nc6 37. Bc3 Rf1+ 38. Kxf1 Nxe3+ 39. Ke1 Nxc2+ 40. Kd2 Na3 41. Kd3 Nb5 42. Bd2 Kf8 43. Be1 Ke7 44. Bd2 Kd6 45. Be1 Na3 46. Bg3+ Kd7 47. Be1 Nc4 48. Bc3 Ke7 49. Be1 Nd6 50. Bd2 Nf5 51. Be1 h5 52. Bf2 Kf6 53. Nc3 Ke7 54. Ne2 Kd7 55. Nf4 g6 56. Ne2 Kd6 57. Nc3 e5 58. Nb5+ Kd7 59. dxe5 Nxe5+ 60. Kc3 Nd6 61. Nd4 Nc6 62. Ne2 Nf5 63. Kd3 Kd6 64. Kd2 h4 65. g4 hxg3 66. hxg3 Ne5 67. Ng1 Ng7 68. Ke2 Ne6 69. Nh3 d4 70. Be1 Kd5 71. Nf2 f5 72. Bd2 Nc5 73. Nd1 d3+ 74. Kf2 Nb3 75. Bh6 Nd4 76. Nb2 Nc2 77. Bf4 d2 78. Bxd2 Nd4 79. f4 Nc4 80. Nxc4 Kxc4 81. Ba5 Kd3 82. Bb6 1/2-1/2

[Event "Gibraltar Battle of the Sexes"]
[Site "Gibraltar"]
[Date "2022.02.02"]
[Round "9.7"]
[White "Cramling, Pia"]
[Black "Bwalya, Gillan"]
[Result "1-0"]
[WhiteElo "2452"]
[BlackElo "2410"]
[PlyCount "119"]
[EventDate "2022.01.24"]
[EventType "schev"]
[EventRounds "10"]
[EventCountry "GGB"]
[SourceTitle "CBM 206 Extra"]
[Source "ChessBase"]
[SourceDate "2022.03.31"]
[SourceVersion "1"]
[SourceVersionDate "2022.03.31"]
[SourceQuality "1"]
[WhiteTeam "Women"]
[BlackTeam "Men"]
[WhiteTeamCountry "ENG"]
[BlackTeamCountry "ENG"]

1. Nf3 d5 2. d4 e6 3. c4 c5 4. cxd5 exd5 5. g3 Nf6 6. Bg2 Nc6 7. 0-0 Be7 8. dxc5 Bxc5 9. Bg5 Be6 10. Nc3 d4 11. Bxf6 Qxf6 12. Ne4 Qe7 13. Nxc5 Qxc5 14. b4 Qxb4 15. Rb1 Qc5 16. Rxb7 0-0 17. Rb2 Rad8 18. Rd2 Rd6 19. Qc1 Qa5 20. Rc2 Nb4 21. Qd2 d3 22. Rb2 dxe2 23. Qxd6 exf1Q+ 24. Bxf1 Qd5 25. Qxd5 Bxd5 26. Rxb4 Bxf3 27. Bg2 Bxg2 28. Kxg2 Ra8 29. Rb5 Kf8 30. Ra5 Ke7 31. g4 Kd7 32. Kg3 a6 33. h4 Ra7 34. Kf4 Ke6 35. f3 Ra8 36. h5 f6 37. Kg3 g6 38. Kf4 Ra7 39. Ke4 Kd6 40. Kf4 Ke6 41. Ke3 Kd6 42. f4 Ra8 43. Kd4 Ra7 44. h6 Ra8 45. f5 gxf5 46. gxf5 Kc6 47. Ra3 Rd8+ 48. Kc4 Kb6 49. Rb3+ Kc6 50. Re3 Rd5 51. Re6+ Rd6 52. Re8 Rd2 53. Rc8+ Kd7 54. Rh8 Rxa2 55. Rxh7+ Ke8 56. Ra7 Rh2 57. h7 Kf8 58. Kd5 a5 59. Ke6 a4 60. Kxf6 1-0

[Event "Gibraltar Battle of the Sexes"]
[Site "Gibraltar"]
[Date "2022.01.31"]
[Round "7.7"]
[White "Muzychuk, Mariya"]
[Black "Bwalya, Gillan"]
[Result "1-0"]
[WhiteElo "2539"]
[BlackElo "2410"]
[PlyCount "79"]
[EventDate "2022.01.24"]
[EventType "schev"]
[EventRounds "10"]
[EventCountry "GGB"]
[SourceTitle "CBM 206 Extra"]
[Source "ChessBase"]
[SourceDate "2022.03.31"]
[SourceVersion "1"]
[SourceVersionDate "2022.03.31"]
[SourceQuality "1"]
[WhiteTeam "Women"]
[BlackTeam "Men"]
[WhiteTeamCountry "ENG"]
[BlackTeamCountry "ENG"]

1. e4 c5 2. Nf3 e6 3. d4 cxd4 4. Nxd4 Nf6 5. Nc3 d6 6. g4 h6 7. h4 Nc6 8. Rg1 Nd7 9. g5 hxg5 10. Bxg5 Qb6 11. Nb3 a6 12. Qe2 Nf6 13. 0-0-0 Bd7 14. Bh3 Qc7 15. Nd4 0-0-0 16. f4 Be7 17. f5 Kb8 18. Nxc6+ bxc6 19. Qxa6 e5 20. Qc4 Rhf8 21. Bxf6 gxf6 22. Rg7 Bc8 23. h5 Bb7 24. Rxf7 Rd7 25. Bg2 Rh8 26. Bf3 Bd8 27. Rxd7 Qxd7 28. Qb4 Be7 29. Qb3 Bf8 30. Na4 Qe7 31. Nb6 Rh7 32. a4 Qf7 33. Nc4 Qc7 34. a5 Ka7 35. Qb6+ Kb8 36. Rg1 Rg7 37. Rg6 Rxg6 38. fxg6 Kc8 39. Bg4+ Kd8 40. Nxd6 1-0

[Event "Gibraltar Battle of the Sexes"]
[Site "Gibraltar"]
[Date "2022.01.28"]
[Round "5.1"]
[White "Batsiashvili, Nino"]
[Black "Bwalya, Gillan"]
[Result "1-0"]
[WhiteElo "2491"]
[BlackElo "2410"]
[PlyCount "73"]
[EventDate "2022.01.24"]
[EventType "schev"]
[EventRounds "10"]
[EventCountry "GGB"]
[SourceTitle "CBM 206 Extra"]
[Source "ChessBase"]
[SourceDate "2022.03.31"]
[SourceVersion "1"]
[SourceVersionDate "2022.03.31"]
[SourceQuality "1"]
[WhiteTeam "Women"]
[BlackTeam "Men"]
[WhiteTeamCountry "ENG"]
[BlackTeamCountry "ENG"]

1. d4 f5 2. Bf4 Nf6 3. e3 d6 4. Nc3 e6 5. Nf3 Nc6 6. h3 h6 7. g4 g5 8. Bg3 Bg7 9. gxf5 exf5 10. d5 Ne7 11. Bc4 a6 12. Nd4 b5 13. Bb3 b4 14. Nce2 Bd7 15. Ne6 Bxe6 16. dxe6 0-0 17. h4 d5 18. hxg5 hxg5 19. c4 bxc3 20. Nxc3 c6 21. Qf3 Ra7 22. Be5 Qc8 23. Bd4 Rb7 24. Na4 Rb5 25. Nc5 Qe8 26. Qg3 Qg6 27. Qc7 Re8 28. f3 f4 29. Nd7 Qf5 30. 0-0-0 Qxe6 31. Nxf6+ Bxf6 32. Rh6 Rf8 33. Rdh1 Rxb3 34. axb3 fxe3 35. Bxf6 Rxf6 36. Rh8+ Kg7 37. R1h7+ 1-0

[Event "Gibraltar Battle of the Sexes"]
[Site "Gibraltar"]
[Date "2022.01.27"]
[Round "4.9"]
[White "Bwalya, Gillan"]
[Black "Houska, Jovanka"]
[Result "0-1"]
[WhiteElo "2410"]
[BlackElo "2365"]
[PlyCount "94"]
[EventDate "2022.01.24"]
[EventType "schev"]
[EventRounds "10"]
[EventCountry "GGB"]
[SourceTitle "CBM 206 Extra"]
[Source "ChessBase"]
[SourceDate "2022.03.31"]
[SourceVersion "1"]
[SourceVersionDate "2022.03.31"]
[SourceQuality "1"]
[WhiteTeam "Men"]
[BlackTeam "Women"]
[WhiteTeamCountry "ENG"]
[BlackTeamCountry "ENG"]

1. e4 c6 2. d4 d5 3. e5 Bf5 4. Nc3 e6 5. g4 Bg6 6. Nge2 c5 7. h4 h5 8. Nf4 Bh7 9. Nxh5 Nc6 10. Bb5 Nge7 11. Bg5 Qc7 12. f4 a6 13. Bxe7 Qxe7 14. Bxc6+ bxc6 15. Ne2 Rb8 16. b3 Be4 17. Rh3 Bg6 18. Neg3 Qa7 19. f5 Bxh5 20. Nxh5 cxd4 21. fxe6 fxe6 22. Qd3 Bb4+ 23. Ke2 0-0 24. Qg6 Kh8 25. Rd3 Qc7 26. Qg5 Qf7 27. Rh1 Be7 28. Qd2 Qg6 29. Rg1 Bxh4 30. Kd1 Rf2 31. Qa5 Rbf8 32. Kc1 Bg5+ 33. Kb1 Rxc2 34. Rh1 Rc1+ 35. Rxc1 Bxc1 36. Qxa6 Ba3 37. b4 Bxb4 38. Kb2 Bc3+ 39. Ka3 Qf7 40. Qb6 Qe7+ 41. Kb3 Rf2 42. Qb8+ Kh7 43. Nf6+ gxf6 44. Rh3+ Kg6 45. Qg8+ Qg7 46. Qe8+ Kg5 47. Rh5+ Kf4 0-1

[Event "Africa-ch"]
[Site "Lilongwe"]
[Date "2021.05.26"]
[Round "8"]
[White "Bwalya, Gillan"]
[Black "Amin, Bassem"]
[Result "0-1"]
[WhiteElo "2405"]
[BlackElo "2701"]
[PlyCount "157"]
[EventDate "2021.05.18"]
[EventType "swiss"]
[EventRounds "9"]
[EventCountry "MWI"]
[SourceTitle "CBM 202 Extra"]
[Source "ChessBase"]
[SourceDate "2021.07.31"]
[SourceVersion "1"]
[SourceVersionDate "2021.07.31"]
[SourceQuality "1"]

1. d4 Nf6 2. c4 g6 3. Nc3 Bg7 4. e4 d6 5. Nf3 0-0 6. Be2 Nbd7 7. 0-0 e5 8. Be3 h6 9. dxe5 dxe5 10. Nd2 c6 11. b4 Qe7 12. Qa4 Rd8 13. Nb3 Nf8 14. Bc5 Qc7 15. b5 Ne6 16. bxc6 Nxc5 17. Nxc5 bxc6 18. Nb3 Be6 19. Rac1 Bf8 20. c5 Bxb3 21. axb3 Bxc5 22. Qc4 Bb6 23. Na4 Rac8 24. Qc2 Bd4 25. Ba6 Rb8 26. h3 Rd6 27. Bc4 Rbd8 28. Qe2 Nh5 29. Kh2 Qe7 30. Rcd1 Nf4 31. Qg4 h5 32. Qf3 Rf6 33. Rd2 Kg7 34. Qd1 h4 35. Qg4 Rh8 36. Nb2 Bxb2 37. Rxb2 Rd6 38. Ra2 Rhd8 39. Rfa1 R8d7 40. Qf3 Rd2 41. Rxd2 Rxd2 42. Qe3 Rd4 43. Ra5 Nh5 44. Ra6 Nf6 45. Rxc6 Nxe4 46. Ra6 Qc7 47. Qf3 Nd6 48. Rc6 Qe7 49. Ba6 e4 50. Qf4 g5 51. Qc1 Qe5+ 52. Kg1 Rd5 53. Be2 Qd4 54. Bh5 Ra5 55. Qe1 Ra2 56. Bg4 Qe5 57. Qe3 Ra1+ 58. Rc1 Rxc1+ 59. Qxc1 Nb5 60. Be2 Nd4 61. Bc4 a5 62. Qe3 Kg6 63. Qc1 Nf5 64. Be2 Nd4 65. Bc4 Kf6 66. Qd1 e3 67. Qh5 exf2+ 68. Kxf2 Qf4+ 69. Kg1 Qc1+ 70. Kh2 Qf4+ 71. Kg1 Ke7 72. Qd1 Qe3+ 73. Kh2 Qe5+ 74. Kg1 Nf5 75. Kh1 Ng3+ 76. Kg1 a4 77. Kf2 a3 78. Qc2 a2 79. Qc1 0-1

[Event "Africa-ch"]
[Site "Livingstone"]
[Date "2018.05.14"]
[Round "2"]
[White "Bwalya, Gillan"]
[Black "Adly, Ahmed"]
[Result "0-1"]
[WhiteElo "2271"]
[BlackElo "2633"]
[PlyCount "113"]
[EventDate "2018.05.13"]
[EventType "swiss"]
[EventRounds "9"]
[EventCountry "ZAM"]
[SourceTitle "CBM 184 Extra"]
[Source "ChessBase"]
[SourceDate "2018.06.28"]
[SourceVersion "1"]
[SourceVersionDate "2018.06.28"]
[SourceQuality "1"]

1. e4 c5 2. Nf3 Nf6 3. Nc3 Nc6 4. d4 cxd4 5. Nxd4 d6 6. Be2 Bd7 7. Be3 g6 8. 0-0 Bg7 9. f4 0-0 10. Nb3 Na5 11. Qd2 Bc6 12. Nxa5 Qxa5 13. Bf3 Rfc8 14. a3 Nd7 15. Bd4 Bxd4+ 16. Qxd4 Qb6 17. Rfd1 Rc7 18. Be2 Nc5 19. Kh1 Re8 20. Bf3 e5 21. fxe5 dxe5 22. Qb4 Ne6 23. Nd5 Bxd5 24. exd5 Nd4 25. c3 Nf5 26. Be2 Nd6 27. c4 Ne4 28. Qxb6 axb6 29. Kg1 Nd6 30. b3 f5 31. a4 Ra8 32. Rdc1 Kf8 33. Re1 Ke7 34. Bd3 e4 35. Be2 Kf6 36. Ra2 Ke5 37. Kf2 f4 38. Rea1 e3+ 39. Ke1 g5 40. a5 Rxa5 41. Rxa5 bxa5 42. Rxa5 b5 43. Kd1 bxc4 44. bxc4 Kd4 45. Ra6 Ke5 46. Ra4 h5 47. h3 Ne4 48. Kc2 Ng3 49. Bf3 Rg7 50. Kd3 g4 51. hxg4 hxg4 52. Ra6 gxf3 53. Re6+ Kf5 54. gxf3 Rd7 55. Re8 Kf6 56. Ra8 e2 57. Ra1 0-1

[Event "ZAM-ch"]
[Site "Lusaka"]
[Date "2018.03.11"]
[Round "7"]
[White "Chumfwa, Kelvin"]
[Black "Bwalya, Gillan"]
[Result "1/2-1/2"]
[WhiteElo "2251"]
[BlackElo "2326"]
[PlyCount "23"]
[EventDate "2018.03.09"]
[EventType "tourn"]
[EventRounds "9"]
[EventCountry "ZAM"]
[EventCategory "1"]
[SourceTitle "CBM 183 Extra"]
[Source "ChessBase"]
[SourceDate "2018.04.19"]
[SourceVersion "1"]
[SourceVersionDate "2018.04.19"]
[SourceQuality "1"]

1. Nf3 Nf6 2. c4 e6 3. d4 b6 4. g3 Bb7 5. Bg2 Be7 6. 0-0 0-0 7. Nc3 Ne4 8. Bd2 f5 9. d5 Bf6 10. Rc1 Na6 11. Ne1 Nac5 12. b4 1/2-1/2

[Event "ZAM-ch"]
[Site "Lusaka"]
[Date "2018.03.10"]
[Round "4"]
[White "Phiri, Richmond"]
[Black "Bwalya, Gillan"]
[Result "1/2-1/2"]
[WhiteElo "2342"]
[BlackElo "2326"]
[PlyCount "52"]
[EventDate "2018.03.09"]
[EventType "tourn"]
[EventRounds "9"]
[EventCountry "ZAM"]
[EventCategory "1"]
[SourceTitle "CBM 183 Extra"]
[Source "ChessBase"]
[SourceDate "2018.04.19"]
[SourceVersion "1"]
[SourceVersionDate "2018.04.19"]
[SourceQuality "1"]

1. d4 d5 2. c4 e6 3. Nc3 c6 4. cxd5 exd5 5. Nf3 Bf5 6. h3 Bd6 7. g4 Bg6 8. Qb3 Qe7 9. Bg5 f6 10. Bd2 Na6 11. a3 0-0-0 12. e3 Nc7 13. Nh4 Ne6 14. Nxg6 hxg6 15. 0-0-0 Qf7 16. f4 f5 17. g5 Ne7 18. Kb1 Kb8 19. Rc1 Nc8 20. Ne2 Ka8 21. Ng1 Nf8 22. Nf3 Nd7 23. Ne5 Bxe5 24. dxe5 Nf8 25. a4 Ne6 26. a5 Qd7 1/2-1/2

[Event "ZAM-ch"]
[Site "Lusaka"]
[Date "2018.03.09"]
[Round "3"]
[White "Bwalya, Gillan"]
[Black "Kayonde, Andrew"]
[Result "0-1"]
[WhiteElo "2326"]
[BlackElo "2398"]
[PlyCount "86"]
[EventDate "2018.03.09"]
[EventType "tourn"]
[EventRounds "9"]
[EventCountry "ZAM"]
[EventCategory "1"]
[SourceTitle "CBM 183 Extra"]
[Source "ChessBase"]
[SourceDate "2018.04.19"]
[SourceVersion "1"]
[SourceVersionDate "2018.04.19"]
[SourceQuality "1"]

1. e4 d6 2. d4 Nf6 3. Nc3 g6 4. f3 Bg7 5. Be3 c6 6. g4 b5 7. Qd2 h5 8. g5 Nfd7 9. f4 b4 10. Nce2 c5 11. Bg2 Bb7 12. Nh3 Nb6 13. b3 a5 14. Rd1 N8d7 15. 0-0 0-0 16. d5 a4 17. f5 axb3 18. axb3 Ba6 19. Nhf4 Ne5 20. Qe1 Nbd7 21. Qh4 Bxe2 22. Nxe2 Ra2 23. Rd2 Ng4 24. Bf4 Qb6 25. Kh1 c4 26. bxc4 Ne3 27. Rb1 Nxc4 28. Rd3 Rxc2 29. Qe1 Nc5 30. Rdd1 Nb2 31. Be3 Nxd1 32. Qxd1 Rb2 33. Rc1 Qb5 34. Nf4 Be5 35. Bf1 Qa4 36. Qxa4 Nxa4 37. Nd3 Rb3 38. Rc4 Rb8 39. Nxe5 dxe5 40. Bc1 Rc3 41. f6 exf6 42. d6 Rxc4 43. Bxc4 Rd8 0-1

[Event "ZAM-ch"]
[Site "Lusaka"]
[Date "2018.03.09"]
[Round "2"]
[White "Kabwe, Timothy"]
[Black "Bwalya, Gillan"]
[Result "1-0"]
[WhiteElo "2141"]
[BlackElo "2326"]
[PlyCount "85"]
[EventDate "2018.03.09"]
[EventType "tourn"]
[EventRounds "9"]
[EventCountry "ZAM"]
[EventCategory "1"]
[SourceTitle "CBM 183 Extra"]
[Source "ChessBase"]
[SourceDate "2018.04.19"]
[SourceVersion "1"]
[SourceVersionDate "2018.04.19"]
[SourceQuality "1"]

1. d4 f5 2. Nf3 Nf6 3. Bg5 Ne4 4. Bf4 d6 5. e3 e6 6. Nbd2 Be7 7. h4 Nd7 8. Bd3 Ndf6 9. Ng5 Nxd2 10. Qxd2 h6 11. Nf3 0-0 12. 0-0-0 b6 13. Bc4 c6 14. h5 b5 15. Bd3 Qe8 16. Qe2 Bd7 17. Nh4 Nxh5 18. g4 Nxf4 19. exf4 c5 20. dxc5 dxc5 21. gxf5 exf5 22. Ng6 Qxg6 23. Qxe7 Qf7 24. Qxc5 Rfc8 25. Qd4 a6 26. Rdg1 Kh7 27. Rg3 Rc6 28. Rhg1 Rg8 29. a3 Rf6 30. Re3 Be6 31. Rge1 Rc8 32. a4 Bc4 33. Re7 Qf8 34. axb5 axb5 35. Bxc4 Rxc4 36. Qe5 Rg6 37. Re8 Qf7 38. Qb8 Rgc6 39. Rg1 g6 40. Qe5 Qf6 41. Re7+ Kg8 42. Rd1 Rxc2+ 43. Kb1 1-0

[Event "Mansa Chilufya Memorial"]
[Site "Mansa"]
[Date "2017.10.23"]
[Round "7"]
[White "Bwalya, Gillan"]
[Black "Phiri, Richmond"]
[Result "1/2-1/2"]
[WhiteElo "2291"]
[BlackElo "2290"]
[PlyCount "51"]
[EventDate "2017.10.20"]
[EventType "tourn"]
[EventRounds "9"]
[EventCountry "ZAM"]
[EventCategory "7"]
[SourceTitle "CBM 181 Extra"]
[Source "ChessBase"]
[SourceDate "2017.12.12"]
[SourceVersion "1"]
[SourceVersionDate "2017.12.12"]
[SourceQuality "1"]

1. e4 c5 2. Nf3 g6 3. c4 Bg7 4. d4 cxd4 5. Nxd4 Nf6 6. Nc3 Nc6 7. Be2 0-0 8. Be3 d6 9. 0-0 Bd7 10. h3 Nxd4 11. Bxd4 Bc6 12. Qd3 a5 13. Rad1 Nd7 14. Bxg7 Kxg7 15. Nd5 Bxd5 16. exd5 Qb6 17. Qc3+ Kg8 18. Rfe1 Rfe8 19. Rd2 Qb4 20. Qd4 Qc5 21. Qc3 Qb4 22. Qd4 Qc5 23. Qc3 Qb4 24. Qd4 Qc5 25. Qc3 Qb4 26. Qd4 1/2-1/2

[Event "Mansa Chilufya Memorial"]
[Site "Mansa"]
[Date "2017.10.21"]
[Round "3"]
[White "Ssegwanyi, Arthur"]
[Black "Bwalya, Gillan"]
[Result "1-0"]
[WhiteElo "2373"]
[BlackElo "2291"]
[PlyCount "111"]
[EventDate "2017.10.20"]
[EventType "tourn"]
[EventRounds "9"]
[EventCountry "ZAM"]
[EventCategory "7"]
[SourceTitle "CBM 181 Extra"]
[Source "ChessBase"]
[SourceDate "2017.12.12"]
[SourceVersion "1"]
[SourceVersionDate "2017.12.12"]
[SourceQuality "1"]

1. e4 c5 2. Nf3 d6 3. d4 cxd4 4. Nxd4 Nf6 5. Nc3 a6 6. Bg5 e6 7. f4 Be7 8. Qf3 Qc7 9. 0-0-0 Nbd7 10. g4 Rb8 11. Bxf6 gxf6 12. Bd3 Qc5 13. Nb3 Qa7 14. e5 fxe5 15. f5 Bg5+ 16. Kb1 Qe3 17. Qg2 Bh4 18. Rhf1 Nf6 19. Nd2 Qh6 20. Nc4 Ke7 21. Qg1 b6 22. Nxb6 Nd7 23. Nc4 Bg5 24. fxe6 fxe6 25. Nxd6 Be3 26. Nf5+ exf5 27. Nd5+ Ke8 28. Nxe3 Qb6 29. b3 f4 30. Nc4 Qxg1 31. Rxg1 Ke7 32. Bf5 Rb5 33. Nd6 Nb6 34. Nxb5 Bxf5 35. gxf5 axb5 36. h4 Rf8 37. Rg7+ Kf6 38. Rg5 Nc8 39. Rd5 f3 40. Kc1 f2 41. Rd1 e4 42. Rf1 e3 43. Kd1 Ke5 44. Ke2 Kf4 45. Rd1 Ne7 46. f6 Nf5 47. Rxf5+ Kxf5 48. Kxe3 Rxf6 49. Kxf2 Ke4+ 50. Ke2 Rh6 51. c3 Ke5 52. Rd4 Rg6 53. Rb4 Rg2+ 54. Kf3 Rxa2 55. Rxb5+ Kf6 56. Kg4 1-0